000 00434nam a2200145Ia 4500
008 231129s2016||||xx |||||||||||||| ||spa||
020 _a978-958-771-389-3
040 _bspa
082 _a658.05 D352d
100 _aDelgado Alberto
245 0 _aDigitalí­zate: Como digitalizar tu empresa
260 _c2016
264 _aBogotá Colombia : Ecoe Ediciones : Libros de cabecera
942 _2ddc
_cBKS
999 _c9549
_d9549